| 000 | 00389nam a22001217a 4500 | ||
|---|---|---|---|
| 999 |
_c9997 _d9997 |
||
| 003 | OSt | ||
| 008 | 201218b ||||| |||| 00| 0 eng d | ||
| 245 | _aClaro : Fuzzy Systems | ||
| 250 | _a2017(Jan-Mar Vol.2017, Apr-Jun Vol.2017, Jul-Sep Vol.2017, Oct-Dec Vol.2017) | ||
| 260 |
_aAhmedabad _bClaro Publications Private Limited |
||
| 650 | _aBachelor of Computer Applications | ||
| 942 |
_2ddc _cBV |
||